[Event "Wroclaw op 10"]
[Site "Wroclaw"]
[Date "2011.10.29"]
[Round "3"]
[White "Agacinski, Tadeusz"]
[Black "Khamidov, Komil"]
[Result "0-1"]
[WhiteElo "2011"]
[BlackElo "1980"]
[PlyCount "68"]
[EventDate "2011.10.28"]
[EventType "swiss"]
[EventRounds "5"]
[EventCountry "POL"]
[SourceTitle "EXT 2013"]
[Source "ChessBase"]
[SourceDate "2012.11.22"]
[SourceVersion "1"]
[SourceVersionDate "2012.11.22"]
[SourceQuality "1"]

1. e4 e5 2. Nf3 Nc6 3. d4 exd4 4. Nxd4 Bb4+ 5. c3 Bc5 6. Be3 Bb6 7. Nxc6 bxc6 8. Bxb6 axb6 9. Nd2 Ne7 10. Be2 d5 11. exd5 Qxd5 12. Bf3 Qe6+ 13. Be2 Rxa2 14. Rxa2 Qxa2 15. Qb1 Qxb1+ 16. Nxb1 Be6 17. Na3 Bd5 18. 0-0 Kd7 19. Rd1 Kc8 20. f4 Kb7 21. Kf2 Nf5 22. c4 Bxg2 23. Rd7 Be4 24. Rxf7 Rd8 25. Ke1 h6 26. Bg4 g6 27. Bxf5 Bxf5 28. h4 h5 29. Re7 Rd4 30. b4 Rxf4 31. b5 c5 32. Re2 Rxh4 33. Nc2 Bxc2 34. Rxc2 Rh1+ 0-1

[Event "Wroclaw op 10"]
[Site "Wroclaw"]
[Date "2011.10.28"]
[Round "1"]
[White "Agacinski, Tadeusz"]
[Black "Sabuk, Piotr"]
[Result "0-1"]
[WhiteElo "2011"]
[BlackElo "2211"]
[PlyCount "56"]
[EventDate "2011.10.28"]
[EventType "swiss"]
[EventRounds "5"]
[EventCountry "POL"]
[SourceTitle "EXT 2013"]
[Source "ChessBase"]
[SourceDate "2012.11.22"]
[SourceVersion "1"]
[SourceVersionDate "2012.11.22"]
[SourceQuality "1"]

1. e4 e5 2. Nf3 Nc6 3. d4 exd4 4. Nxd4 Nf6 5. Nxc6 bxc6 6. e5 Qe7 7. Qe2 Nd5 8. c4 Ba6 9. Qe4 Nf6 10. Qe2 Nd5 11. Qe4 Nb6 12. Nd2 g6 13. b3 Bg7 14. Bb2 d5 15. cxd5 cxd5 16. Qe3 Bxf1 17. Kxf1 c5 18. f4 0-0 19. g3 f6 20. Kg2 d4 21. Qe4 fxe5 22. fxe5 Rae8 23. Rae1 Qd8 24. Qc6 Rf5 25. Qxc5 Rfxe5 26. Qc1 Qd5+ 27. Nf3 Re2+ 28. Rxe2 Rxe2+ 0-1

[Event "ZH-2011-0-00621"]
[Site "LSS email"]
[Date "2011.08.19"]
[Round "?"]
[White "Frijling, Jeroen"]
[Black "Agacinski, Tadeusz"]
[Result "1-0"]
[WhiteElo "2105"]
[BlackElo "2043"]
[PlyCount "131"]
[EventDate "2011.08.12"]
[EventType "match (corr)"]
[EventRounds "2"]
[EventCountry "GER"]
[SourceTitle "Telechess CBM 149"]
[Source "ChessBase"]
[SourceDate "2012.07.17"]
[SourceVersion "1"]
[SourceVersionDate "2012.07.17"]
[SourceQuality "1"]

1. e4 e5 2. Nf3 Nc6 3. d4 exd4 4. Nxd4 Bc5 5. Be3 Qf6 6. c3 Nge7 7. Qd2 0-0 8. Nb5 Bxe3 9. Qxe3 d5 10. Nd2 dxe4 11. Nxe4 Qe5 12. Nc5 Nd5 13. Qxe5 Nxe5 14. 0-0-0 c6 15. Nd4 Re8 16. Re1 Kf8 17. g3 Nf6 18. f4 Ned7 19. Rxe8+ Nxe8 20. Nd3 c5 21. Nc2 b5 22. Bg2 Rb8 23. Rd1 Bb7 24. Bxb7 Rxb7 25. Ne3 Rb6 26. Ne5 Nxe5 27. fxe5 Re6 28. Rd5 f6 29. Rxc5 Rxe5 30. Rxe5 fxe5 31. Ng4 e4 32. Kd2 Nd6 33. b3 Ke7 34. Ke3 Ke6 35. Kd4 h5 36. Ne3 a5 37. c4 b4 38. c5 Nb5+ 39. Kxe4 g5 40. h4 gxh4 41. gxh4 Nc3+ 42. Kd4 Nb5+ 43. Kc4 Na3+ 44. Kd3 Nb5 45. Nc4 Kd5 46. Nxa5 Kxc5 47. Nc4 Nc7 48. Ke4 Nd5 49. Kf5 Kd4 50. Kg5 Ke4 51. Kxh5 Kf5 52. Kh6 Kf4 53. h5 Kg4 54. Ne5+ Kf5 55. Nd3 Kf6 56. Kh7 Kf7 57. Ne5+ Kf6 58. Ng4+ Kf7 59. Kh6 Nf4 60. Kg5 Ne6+ 61. Kh4 Kg7 62. Ne5 Nd4 63. Kg5 Ne6+ 64. Kg4 Nd4 65. Nd3 Nc6 66. Kf5 1-0

[Event "LSS SA-2010-0-00161"]
[Site "LSS email"]
[Date "2010.10.22"]
[Round "?"]
[White "Agacinski, Tadeusz"]
[Black "Zakharov, Oleg Yu"]
[Result "0-1"]
[WhiteElo "2113"]
[BlackElo "2251"]
[PlyCount "92"]
[EventDate "2010.10.01"]
[EventType "tourn (corr)"]
[EventRounds "6"]
[EventCountry "GER"]
[SourceTitle "Corr 2022"]
[Source "ChessBase"]
[SourceDate "2021.10.24"]
[SourceVersion "1"]
[SourceVersionDate "2021.10.24"]
[SourceQuality "1"]

1. e4 c5 2. Nf3 d6 3. d4 cxd4 4. Nxd4 Nf6 5. Nc3 a6 6. Bg5 e6 7. f4 Qb6 8. Nb3 Be7 9. Qf3 Nbd7 10. 0-0-0 Qc7 11. Bd3 b5 12. a3 Rb8 13. Rhe1 b4 14. axb4 Rxb4 15. Kb1 h6 16. Bh4 0-0 17. Na2 Rb8 18. g4 Nc5 19. Nxc5 Qxc5 20. g5 hxg5 21. Bxg5 Qa3 22. b3 a5 23. e5 a4 24. b4 Rxb4+ 25. Nxb4 Qxb4+ 26. Kc1 dxe5 27. fxe5 Bb7 28. Qg3 Nd5 29. Bxe7 Nxe7 30. Rg1 g6 31. Rdf1 Rd8 32. Qf4 Qa3+ 33. Kd2 Nf5 34. Qc4 Bd5 35. Qc7 Qf8 36. Rf4 a3 37. Bxf5 exf5 38. Rh4 Be6+ 39. Kc1 Rd7 40. Qb6 Qe7 41. Rb4 f4 42. Qa5 a2 43. Kb2 f3 44. Qa3 Kg7 45. Rf1 Rc7 46. h3 a1Q+ 0-1

[Event "LSS SA-2010-0-00161"]
[Site "LSS email"]
[Date "2010.10.22"]
[Round "?"]
[White "Ortiz, Manuel"]
[Black "Agacinski, Tadeusz"]
[Result "1-0"]
[WhiteElo "2124"]
[BlackElo "2088"]
[PlyCount "77"]
[EventDate "2010.10.01"]
[EventType "tourn (corr)"]
[EventRounds "6"]
[EventCountry "GER"]
[SourceTitle "Telechess CBM 143"]
[Source "ChessBase"]
[SourceDate "2011.07.15"]
[SourceVersion "1"]
[SourceVersionDate "2011.07.15"]
[SourceQuality "1"]

1. e4 e5 2. Nf3 Nc6 3. Bc4 Nf6 4. Ng5 d5 5. exd5 Nd4 6. c3 b5 7. Bf1 Nxd5 8. cxd4 Qxg5 9. Bxb5+ Kd8 10. 0-0 Bb7 11. Qf3 Rb8 12. dxe5 Nb4 13. d4 Qg6 14. d5 Bxd5 15. Rd1 Rxb5 16. Nc3 Qc6 17. Qf5 g6 18. Bg5+ Be7 19. Bxe7+ Kxe7 20. Qf6+ Qxf6 21. exf6+ Kxf6 22. Nxb5 Bxa2 23. Nxc7 Rb8 24. Na6 Nxa6 25. Rxa2 Nc5 26. Rd5 Rc8 27. Rxa7 Nd3 28. g3 Nxb2 29. Rd4 g5 30. h4 h6 31. Rd6+ Kg7 32. h5 Nc4 33. Rg6+ Kf8 34. Rxh6 Kg8 35. Rf6 Rf8 36. Kg2 Ne5 37. Re7 Ng4 38. Rd6 Kh7 39. Rg6 1-0

[Event "Ricany op"]
[Site "Ricany"]
[Date "2010.08.28"]
[Round "9"]
[White "Eisner, Oldrich"]
[Black "Agacinski, Tadeusz"]
[Result "1/2-1/2"]
[WhiteElo "1824"]
[BlackElo "2063"]
[PlyCount "29"]
[EventDate "2010.08.21"]
[EventType "swiss"]
[EventRounds "9"]
[EventCountry "CZE"]
[SourceTitle "EXT 2022"]
[Source "ChessBase"]
[SourceDate "2021.10.06"]
[SourceVersion "1"]
[SourceVersionDate "2021.10.06"]
[SourceQuality "1"]

1. d4 Nf6 2. Nf3 e6 3. c4 Bb4+ 4. Bd2 a5 5. g3 0-0 6. Bg2 d5 7. Qc2 Bxd2+ 8. Nbxd2 Nbd7 9. 0-0 b6 10. e4 dxe4 11. Nxe4 Bb7 12. Ne5 Nxe4 13. Bxe4 Bxe4 14. Qxe4 Nxe5 15. Qxe5 1/2-1/2

[Event "Ricany op"]
[Site "Ricany"]
[Date "2010.08.21"]
[Round "1"]
[White "Agacinski, Tadeusz"]
[Black "Vorisek, Martin"]
[Result "1/2-1/2"]
[WhiteElo "2063"]
[BlackElo "1899"]
[PlyCount "31"]
[EventDate "2010.08.21"]
[EventType "swiss"]
[EventRounds "9"]
[EventCountry "CZE"]
[SourceTitle "EXT 2022"]
[Source "ChessBase"]
[SourceDate "2021.10.06"]
[SourceVersion "1"]
[SourceVersionDate "2021.10.06"]
[SourceQuality "1"]

1. e4 e5 2. Nf3 Nc6 3. d4 exd4 4. Nxd4 Nf6 5. Nxc6 bxc6 6. e5 Qe7 7. Qe2 Nd5 8. c4 Nb6 9. b3 g6 10. Bb2 Bg7 11. Nd2 0-0 12. 0-0-0 a5 13. a4 Re8 14. Re1 Ba6 15. Kc2 Nd5 16. Qe4 1/2-1/2

[Event "LSS SA-2009-0-00070"]
[Site "LSS email"]
[Date "2009.07.13"]
[Round "?"]
[White "Agacinski, Tadeusz"]
[Black "Jovanovic, Bratislav"]
[Result "1/2-1/2"]
[WhiteElo "2108"]
[BlackElo "2059"]
[PlyCount "83"]
[EventDate "2009.06.29"]
[EventType "tourn (corr)"]
[EventRounds "6"]
[EventCountry "GER"]
[SourceTitle "Corr 2011"]
[Source "ChessBase"]
[SourceDate "2010.08.31"]
[SourceVersion "1"]
[SourceVersionDate "2010.08.31"]
[SourceQuality "1"]

1. e4 e6 2. d4 d5 3. Nc3 Nf6 4. Bg5 Be7 5. e5 Nfd7 6. Bxe7 Qxe7 7. f4 0-0 8. Nf3 a6 9. Qd2 c5 10. 0-0-0 b5 11. h4 Bb7 12. h5 h6 13. g4 Nc6 14. g5 Nxd4 15. Nxd4 cxd4 16. Ne2 hxg5 17. h6 d3 18. hxg7 Kxg7 19. Qxd3 Rh8 20. Rg1 Rag8 21. Rxg5+ Kf8 22. Rxg8+ Rxg8 23. Nd4 Qh4 24. Qd2 Rg4 25. Ne2 Nc5 26. Qa5 Ne4 27. Kb1 Qf2 28. Bh3 Rg6 29. Qd8+ Kg7 30. Bg4 Nd2+ 31. Kc1 Nf3 32. Bxf3 Qxf3 33. Re1 b4 34. Qh4 Rg4 35. Qf6+ Kg8 36. b3 Bc6 37. Kb1 Bb5 38. Nc1 Rg6 39. Qh4 Bf1 40. f5 Qxf5 41. Qxb4 Rg2 42. Qc3 1/2-1/2

[Event "IECG CA.2008.0.00194"]
[Site "IECG email"]
[Date "2008.05.13"]
[Round "?"]
[White "Laczay, Istvan"]
[Black "Agacinski, Tadeusz"]
[Result "1/2-1/2"]
[WhiteElo "1919"]
[BlackElo "2106"]
[PlyCount "54"]
[EventDate "2008.05.13"]
[EventType "tourn (corr)"]
[EventRounds "6"]
[SourceTitle "Corr 2024"]
[Source "ChessBase"]
[SourceDate "2023.10.19"]
[SourceVersion "1"]
[SourceVersionDate "2023.10.19"]
[SourceQuality "1"]

1. d4 Nf6 2. c4 e6 3. Nc3 Bb4 4. Qc2 c5 5. dxc5 Na6 6. a3 Bxc3+ 7. Qxc3 Nxc5 8. b4 Nce4 9. Qd4 d5 10. c5 b6 11. f3 bxc5 12. bxc5 Qa5+ 13. Qb4 Qc7 14. fxe4 Rb8 15. Qa4+ Bd7 16. c6 0-0 17. exd5 Qe5 18. Ra2 Qc3+ 19. Kf2 exd5 20. Bd2 Qc5+ 21. Be3 Qe7 22. cxd7 Ne4+ 23. Kf3 Qf6+ 24. Bf4 Ng5+ 25. Kf2 Ne4+ 26. Kf3 Ng5+ 27. Kf2 Ne4+ 1/2-1/2

[Event "LSS CP-2007-P-00049"]
[Site "LSS email"]
[Date "2007.10.01"]
[Round "?"]
[White "Agacinski, Tadeusz"]
[Black "Carneiro, Luis Guilherme"]
[Result "1/2-1/2"]
[WhiteElo "2178"]
[BlackElo "1893"]
[PlyCount "83"]
[EventDate "2007.10.01"]
[EventType "tourn (corr)"]
[EventRounds "6"]
[EventCountry "GER"]
[SourceTitle "Corr 2011"]
[Source "ChessBase"]
[SourceDate "2010.08.31"]
[SourceVersion "1"]
[SourceVersionDate "2010.08.31"]
[SourceQuality "1"]

1. e4 d6 2. d4 Nf6 3. Nc3 g6 4. f4 Bg7 5. Nf3 c5 6. dxc5 Qa5 7. Bd3 Qxc5 8. Qe2 0-0 9. Be3 Qa5 10. 0-0 Bg4 11. h3 Bxf3 12. Qxf3 Nc6 13. a3 Nd7 14. Bd2 Qb6+ 15. Kh1 Nc5 16. Rab1 Nxd3 17. cxd3 f5 18. g4 e6 19. gxf5 exf5 20. Nd5 Qb3 21. Bc3 Rae8 22. Qg2 Ne7 23. Bxg7 Kxg7 24. Nc7 Rc8 25. Rbc1 Kg8 26. Rc3 Qf7 27. b4 Rcd8 28. Qd2 Rd7 29. b5 fxe4 30. dxe4 d5 31. Qd4 a6 32. f5 Qf6 33. Qxf6 Rxf6 34. Rd1 axb5 35. fxg6 d4 36. gxh7+ Kxh7 37. Rc5 Rc6 38. Nd5 Rxc5 39. Nf6+ Kh8 40. Nxd7 Rc3 41. Rxd4 Rxh3+ 42. Kg2 1/2-1/2

[Event "LSS CP-2007-P-00049"]
[Site "LSS email"]
[Date "2007.10.01"]
[Round "?"]
[White "Paine, Kevin"]
[Black "Agacinski, Tadeusz"]
[Result "0-1"]
[WhiteElo "1840"]
[BlackElo "2178"]
[PlyCount "66"]
[EventDate "2007.10.01"]
[EventType "tourn (corr)"]
[EventRounds "6"]
[EventCountry "GER"]
[SourceTitle "Corr 2011"]
[Source "ChessBase"]
[SourceDate "2010.08.31"]
[SourceVersion "1"]
[SourceVersionDate "2010.08.31"]
[SourceQuality "1"]

1. e4 e5 2. Nf3 Nc6 3. Bb5 a6 4. Ba4 Nf6 5. 0-0 Be7 6. Re1 b5 7. Bb3 0-0 8. a4 b4 9. d3 d6 10. h3 Rb8 11. Nbd2 Be6 12. Nf1 Nd7 13. Be3 Bf6 14. Ng3 Nd4 15. Bxd4 exd4 16. Bd5 c5 17. a5 Ne5 18. b3 Nxf3+ 19. Qxf3 Be5 20. Bc4 Ra8 21. Bd5 Ra7 22. Nf5 Kh8 23. Bc4 Bc8 24. Rf1 g6 25. Ng3 Qh4 26. Bd5 Re7 27. Bc4 f5 28. exf5 gxf5 29. Rfe1 Rg7 30. Qa8 Qg5 31. h4 Qe7 32. Bd5 f4 33. Nf1 Bh3 0-1

[Event "IECG CA.2007.0.00187"]
[Site "IECG email"]
[Date "2007.05.20"]
[Round "?"]
[White "Vorobyev, Albert A"]
[Black "Agacinski, Tadeusz"]
[Result "1/2-1/2"]
[WhiteElo "1963"]
[BlackElo "2178"]
[PlyCount "77"]
[EventDate "2007.05.20"]
[EventType "tourn (corr)"]
[EventRounds "6"]
[SourceTitle "Corr 2024"]
[Source "ChessBase"]
[SourceDate "2023.10.19"]
[SourceVersion "1"]
[SourceVersionDate "2023.10.19"]
[SourceQuality "1"]

1. d4 d5 2. c4 c6 3. Nf3 Nf6 4. Nc3 e6 5. e3 Nbd7 6. Qc2 Bd6 7. g4 Bb4 8. Bd2 Qe7 9. Rg1 b6 10. h4 Bxc3 11. Bxc3 Bb7 12. Nd2 dxc4 13. Bxc4 b5 14. g5 Nd5 15. Bxd5 cxd5 16. Qb3 a6 17. a4 Qd8 18. axb5 Qc7 19. bxa6 Rxa6 20. Rxa6 Bxa6 21. Qa3 Qb6 22. Qb4 Bb5 23. h5 Qa6 24. f3 Bd3 25. Nb3 Bc4 26. Na5 Bb5 27. Kf2 Qb6 28. Ra1 Qb8 29. f4 h6 30. g6 fxg6 31. hxg6 Rf8 32. Ke1 Rf6 33. Ra3 Rxg6 34. Rb3 Rg1+ 35. Kf2 Rc1 36. Kf3 Qd8 37. Be1 Qf6 38. Nb7 Qg6 39. Nd6+ 1/2-1/2

[Event "IECG CA.2007.0.00187"]
[Site "IECG email"]
[Date "2007.05.20"]
[Round "?"]
[White "Wheeler, James"]
[Black "Agacinski, Tadeusz"]
[Result "1-0"]
[WhiteElo "1988"]
[BlackElo "2178"]
[PlyCount "93"]
[EventDate "2007.05.20"]
[EventType "tourn (corr)"]
[EventRounds "6"]
[SourceTitle "Corr 2024"]
[Source "ChessBase"]
[SourceDate "2023.10.19"]
[SourceVersion "1"]
[SourceVersionDate "2023.10.19"]
[SourceQuality "1"]

1. d4 d5 2. Nf3 Nf6 3. c4 c6 4. Nc3 e6 5. e3 Nbd7 6. Qc2 Bd6 7. g4 Bb4 8. Bd2 Qe7 9. Rg1 b6 10. cxd5 cxd5 11. Bd3 Bb7 12. g5 Ne4 13. Nxe4 dxe4 14. Bxe4 Rc8 15. Qb3 Bxe4 16. Bxb4 Qd8 17. Nd2 Bc2 18. Qa3 a5 19. Bc3 Qc7 20. f4 Bg6 21. h4 Qc6 22. Rc1 Qb7 23. b4 0-0 24. bxa5 bxa5 25. Kf2 Nb6 26. Bxa5 Nd5 27. Rxc8 Qxc8 28. Rc1 Qa6 29. Nc4 Ra8 30. Qb3 Be4 31. Nd2 Bg6 32. Rc5 h5 33. Nc4 Be4 34. a4 Rf8 35. Ne5 Qa8 36. Bd2 Qa7 37. Rb5 Rc8 38. Rb7 Qa8 39. Rxf7 Rb8 40. Qa3 Bg6 41. Rd7 Be8 42. Rd6 Rc8 43. Rxe6 Rc2 44. Rxe8+ Qxe8 45. Qb3 Rxd2+ 46. Ke1 Rd1+ 47. Kxd1 1-0